MARC

LEADER 00000nlm0a2200000 4500
001 271292
005 20231101234425.0
010 |a 9785769584923 
035 |a (RuTPU)RU\TPU\book\294473 
090 |a 271292 
100 |a 20141006d2013 m y0rusy50 ca 
101 0 |a rus 
102 |a RU 
105 |a y j 000zy 
135 |a vocna---uucaa 
181 0 |a i  
182 0 |a b 
200 1 |a Документоведение  |b Электронный ресурс  |e учебник в электронном формате  |f Э. А. Бардаев, В. Б. Кравченко 
203 |a Текст  |c электронный 
205 |a 3-е изд., перераб. и испр. 
210 |a Москва  |c Академия  |d 2013 
215 |a 1 Мультимедиа CD-ROM 
225 1 |a Высшее профессиональное образование. Бакалавриат 
225 1 |a Информационная безопасность 
230 |a Мультимедиа ресурсы (10 директорий; 100 файлов; 740MB) 
320 |a Библиогр.: с. 324-328. 
320 |a Глоссарий: с. 286-292. 
333 |a Режим доступа: из корпоративной сети ТПУ 
337 |a Pentium 100 MHz, 16 Mb RAM, Windows 95/98/NT/2000, CDROM, SVGA, звуковая карта, Internet Explorer 5.0 и выше 
606 1 |a Документоведение  |2 stltpush  |3 (RuTPU)RU\TPU\subj\9867  |9 37026 
610 1 |a делопроизводство 
610 1 |a документы 
610 1 |a информация 
610 1 |a защита 
610 1 |a правовые вопросы 
610 1 |a информационные технологии 
610 1 |a управление 
610 1 |a электронный документооборот 
610 1 |a документирование 
610 1 |a фальсификация 
610 1 |a подлинность 
610 1 |a оформление 
610 1 |a управленческие документы 
610 1 |a технические документы 
610 1 |a кодирование 
610 1 |a конфиденциальные документы 
610 1 |a учебные пособия 
610 1 |a электронные учебники 
675 |a 651.4/.9(075.8)  |v 3 
700 1 |a Бардаев  |b Э. А.  |g Эдуарт Аркадьевич 
701 1 |a Кравченко  |b В. Б.  |g Вадим Борисович 
801 1 |a RU  |b 63413507  |c 20141006 
801 2 |a RU  |b 63413507  |c 20221209  |g RCR 
856 4 |u http://www.lib.tpu.ru/fulltext2/m/2014/FN/fn-121.pdf 
942 |c CF